Géneros y tendencias en los albores del siglo XXI. Colección pública de fotografía del Ayuntamiento de Alcobendas, del 10 al 28 de octubre de 2001

محفوظ في:
التفاصيل البيبلوغرافية
التنسيق: كتاب
اللغة:الإسبانية
منشور في: Alcobendas Ayuntamiento de Alcobendas 2001
الموضوعات:
الوسوم: إضافة وسم
لا توجد وسوم, كن أول من يضع وسما على هذه التسجيلة!

MARC

LEADER 00000nam a2200000 a 4500
001 UCL5961
003 CL-VaPUC
008 040326e20010000SP |||||||||||||||||spa|d
020 |a 8493216305 
082 0 4 |a 770.92  |b GEN  |2 21 
245 1 0 |a Géneros y tendencias en los albores del siglo XXI. Colección pública de fotografía del Ayuntamiento de Alcobendas, del 10 al 28 de octubre de 2001 
300 |a pág. irreg 
942 |c BK 
945 |d 20040326 00:00:00  |a cmena 
260 |a Alcobendas  |b Ayuntamiento de Alcobendas  |c 2001 
650 0 |a Fotografías  |9 268494 
650 0 |a Obras de arte  |9 337253 
650 0 |a Fotografía artística  |9 269391 
650 0 |a Fotógrafos españoles  |9 483671 
583 |a last modification  |c 20040326 00:00:00  |k Rodrigo Vera 
999 |c 308277  |d 308275 
952 |0 0  |1 0  |4 0  |6 770_920000000000000_GEN_2001  |7 0  |8 A  |9 374638  |a BIBARQ  |b BIBARQ  |d 2019-11-21  |i 399841K  |o 770.92 GEN 2001  |p 399841K  |r 2025-01-20  |w 2019-11-21  |y BK  |k ARQ